Statistics for Mainline London Stations on a Map

Click here to take the quiz!

General Stats

  • This quiz has been taken 476 times
  • The average score is 14 of 18

Answers on the Map

Answers color-coded by a green-red scale on the quiz's map according to % correct below.
 

Answer Stats

Station% Correct
King's Cross
97%
Euston
94%
Waterloo
93%
Paddington
92%
Liverpool Street
90%
Victoria
89%
St Pancras International
88%
London Bridge
87%
Charing Cross
81%
Marylebone
80%
Blackfriars
75%
Fenchurch Street
66%
Cannon Street
65%
Moorgate
60%
Waterloo East
58%
City Thameslink
54%
Vauxhall
49%
Old Street
43%

Score Distribution

Percentile by Number Answered

Percent of People with Each Score

Your Score History

You have not taken this quiz